000 00414nam a2200169Ia 4500
008 220204s9999 xx 000 0 und d
082 _a579.22
_bBUC
100 _aBUCHANAN, Estelle D
245 0 _aBacteriology
250 _aEd.5
260 _aNew York
_bMacmillan
_c1951
650 _aBacteriology
650 _aPlant pathogen
650 _aSoil microorganism
700 _aBUCHANAN, Robert E
942 _cBK
999 _c19628
_d19628